| 000 | 01366cam a2200241 4500 | ||
|---|---|---|---|
| 001 | L135360 | ||
| 008 | 061018n2006 000 0 eng u | ||
| 020 |
_a0117832227 _a9780117832220 |
||
| 035 | _a(Sirsi) u135360 | ||
| 041 | 0 | _aeng | |
| 050 | 0 | 4 | _a711.14 $2 18 |
| 110 | 2 | _aBircham Dyson Bell | |
| 245 | 0 | 0 | _aCompulsory purchase procedure manual |
| 260 |
_aNorwich _bTSO _c2006 |
||
| 300 |
_a2v.(looseleaf) _c31cm. _e+2 CD-ROMs |
||
| 505 | 2 | _aPowers and policy for the compulsory purchase of land -- Contact with people -- Management of the compulsory purchase procedure -- Compulsory purchase procedures. | |
| 520 | _aProvides advice on the steps which need to be taken in exercising powers for the compulsory acquisition of land and sets out good practice guidance on this process. Covers local authority powers and also the powers available to Regional Development Agencies, English Partnerships, Urban Development Corporations and the utilities. | ||
| 520 | _aThis looseleaf is up-to-date as at August 2009. We have cancelled our subscription and will remove this title from our collection when it becomes out-of-date. Please ask a member of staff for more details. | ||
| 690 | _aENVIRONMENTAL AND LAND CONSULTANCY-PLANNING AND DEVELOPMENT-COMPULSORY PURCHASE AND COMPENSATION | ||
| 710 | 1 | _aHammonds | |
| 710 | 1 |
_aDrivers Jonas _91941 |
|
| 942 | _n0 | ||
| 999 |
_c106023 _d106023 |
||